Đắc nhân tâm

Đưa ra những lời khuyên, kĩ năng cơ bản trong ứng xử, các phương cách giao tiếp thông minh khiến người khác thích bạn, người khác nghĩ theo cách của bạn và thay đổi người khác mà không xúc phạm hay làm họ oán giận...

Descrición completa

Gardado en:
Detalles Bibliográficos
Autor Principal: Carnegie, Dale
Autor Corporativo: First News
Formato: Libro
Idioma:Vietnamese
Publicado: H. Thế giới 2015
Các nhãn: Engadir etiqueta
Sen Etiquetas, Sexa o primeiro en etiquetar este rexistro!
Thư viện lưu trữ: Thư viện Trường Đại học Nam Cần Thơ
LEADER 01037nam a22002057a 4500
001 NCT_16080
008 171103b xxu||||| |||| 00| 0 vie d
999 |c 762  |d 762 
020 |a 9786047712175 
082 0 4 |2 23rd ed.  |a 158  |b C289 
100 1 |a  Carnegie, Dale 
245 1 0 |a Đắc nhân tâm  |c Dale Carnegie; First News (biên dịch) 
260 |a H.  |b Thế giới  |c 2015 
300 |a 327 tr.  |c 15 cm 
500 |a How to win friend & influence people 
520 3 |a Đưa ra những lời khuyên, kĩ năng cơ bản trong ứng xử, các phương cách giao tiếp thông minh khiến người khác thích bạn, người khác nghĩ theo cách của bạn và thay đổi người khác mà không xúc phạm hay làm họ oán giận 
710 |a First News 
942 |2 ddc  |c BK 
952 |0 0  |1 0  |2 ddc  |4 0  |6 158_000000000000000_D138  |7 0  |9 2445  |a 000001  |b 000001  |d 2017-11-03  |o 158 D138  |p TK.00001  |r 2017-11-03  |w 2017-11-03  |y BK 
980 |a Thư viện Trường Đại học Nam Cần Thơ